Quiz o Wielkiej Brytanii - Statystyki

Ogólne statystyki
  • Ten quiz został rozwiązany 200 razy
    191 od ostatniego zresetowania
  • Średni wynik to 11 z 30
Statystyki odpowiedzi
Wskazówka Odpowiedź % Poprawnych
Stolica Londyn
96%
Język urzędowy Angielski
82%
Waluta Funt brytyjski
78%
Król Karol III
68%
Rok wyjścia z Unii Europejskiej 2020 r.
55%
Kraj stanowiący część Zjednoczonego Królestwa ze stolicą w Edynburgu Szkocja
49%
Kraj stanowiący część Zjednoczonego Królestwa ze stolicą w Cardiffie Walia
48%
Kraj stanowiący część Zjednoczonego Królestwa ze stolicą w Londynie Anglia
47%
Kraj stanowiący część Zjednoczonego Królestwa ze stolicą w Belfast Irlandia Północna
44%
Liczba ludności w milionach (ok.) 66 mln
41%
Największa wyspa Wielka Brytania
37%
Drugi najdłużej panujący władca w historii świata Elżbieta II
35%
Morze, do którego ma dostęp od wschodu Morze Północne
33%
Słynny fizyk, który sformuował Zasady Dynamiki oraz Prawo Powrzechnego Ciążenia Izaak Newton
32%
Największy partner handlowy Stany Zjednoczone
32%
Najwyższy szczyt Ben Nevis
30%
Żyjący w epoce wiktoriańskiej dramatopisarz i poeta; twórca dzieł takich jak "Romeo i Julia" czy "Hamlet" William Shakespeare
30%
Najdłuższa rzeka Severn
29%
Premier Wielkiej Brytanii w okresie II wojny światowej, który w znaczący sposób przyczynił się do jej wygrania przez aliantów Winston Churchill
27%
Rok dołączenia do NATO 1949 r.
26%
Rok dołączenia do Unii Europejskiej 1973 r.
26%
Kanał łączący Wielką Brytanię i Francję Kanał La Manche
23%
Nieoficjane "imię" flagi Wielkiej Brytanii Union Jack
22%
Morze, do którego ma dostęp od zachodu Morze Irlandzkie
20%
Terytorium zamorskie Wielkiej Brytanii graniczące z Hiszpanią Gibraltar
18%
Południk przebiegający przez Królewskie Obserwatorium Południk 0
13%
Morze, do którego ma dostęp od południowego zachodu Morze Celtyckie
7%
Znana wieża zegarowa w Londynie, której zwyczajowa nazwa to "Big Ben" Elizabeth Tower
6%
Największy zamieszkany zamek na świecie Zamek w Windsorze
6%
Gatunek ptaka z rodziny alk o dużym, wielokolorowym dziobie i pomarańczowych nóżkach licznie występujący na północy Szkocji Maskonur
4%
Nie znaleziono quizów pasujących do podanych kryteriów
Rozkład punktacji
Procent ludzi z każdym wynikiem
Percentyl według liczby udzielonych odpowiedzi
Twoja historia wyników
Nie rozwiązałeś tego quizu od ostatniego zresetowania